Statistics for 30 Most Deadly Wars in World History

Click here to take the quiz!

General Stats

  • This quiz has been taken 144 times
  • The average score is 7 of 30

Answer Stats

LocationYear(s)DeathsWar% Correct
Worldwide1939-194585,000,000World War II
100%
Worldwide1914-191816,000,000-40,000,000+World War I
98%
Vietnam1955-19751,300,000–4,300,000Vietnam War
56%
Western Europe1337-14532,300,000–3,300,000Hundred Year's War
54%
Korea1950-19531,500,000–4,500,000Korean War
50%
Eurasia1206-136830,000,000-40,000,000Mongol Invasions and Conquest
46%
Russia1917-19225,000,000–9,000,000Russian Civil War
41%
Europe and Middle East1095-12911,000,000–3,000,000Crusades
38%
China1927-19498,000,000–11,692,000Chinese Civil War
35%
Mexico1519-163224,300,000+Spanish Conquest of the Aztec Empire
29%
Europe1618-16484,000,000–12,000,000Thirty Year's War
25%
Iberian Peninsula711-14927,000,000+Reconquista
22%
China1937-194520,000,000–25,000,000Second Sino-Japanese War
22%
Nigeria1967-19701,000,000–3,000,000Nigerian Civil War
21%
China1850-186420,000,000–70,000,000Taiping Rebellion
16%
Worldwide1803-18153,500,000–7,000,000Napoleonic Wars
13%
Europe, North Africa, Middle East91 BC-30 BC3,000,000+Roman Civil Wars
13%
China1616-168325,000,000+Ming-Qing Transition
12%
Eurasia1370-14058,000,000–20,000,000Conquests of Timur
8%
France1562-15982,000,000–4,000,000French Wars of Religion
6%
China184-28036,000,000-40,000,000Three Kingdoms War
6%
China755-76313,000,000-40,000,000An Lushan Rebellion
5%
India and Bangladesh1658-17075,000,000+Mughal-Maratha Wars
5%
Central Africa1998-20032,500,000–5,400,000Second Congo War
5%
Middle East, North Africa and Southern Europe629-10502,000,000+Arab-Byzantine Wars
4%
Peru1533-15728,400,000+Spanish Conquest of the Inca Empire
4%
China184-2053,000,000-7,000,000Yellow Turban Rebellion
4%
Poland1648-16673,000,000Deluge
2%
China1862-18778,000,000–20,000,000Dungan Revolt
2%
China1854-18734,900,000Miao Rebellion
1%

Score Distribution

Percentile by Number Answered

Percent of People with Each Score

Your Score History

You have not taken this quiz